Normal view
MARC view
- Torres Calzada, Katjia
Entry Nombre Personal
001 - NUMERO DE CONTROL
- campo de control: 46952
003 - IDENTIFICADOR DE NUMERO DE CONTROL
- campo de control: DLC
005 - FECHA Y HORA DE LA ÜLTIMA TRANSACCIÓN
- campo de control: 20221004140257.0
008 - DATOS DE LONGITUD FIJA
- campo de control de longitud fija: 221004n| acannaabn |a aaa
010 ## - NÚMERO DE CONTROL DE LA BIBLIOTECA DEL CONGRESO
- Número de control LC: n 2009058399
040 ## - FUENTE DE CATALOGACIÓN
- Agencia original de catalogación: DLC
- Lenguaje de catalogación: spa
- Agencia de transcripción: DLC
- Agencia que lo modifica: MX-MxUPN
100 1# - ENCABEZAMIENTO - NOMBRE PERSONAL
- Nombre personal: Torres Calzada, Katjia
373 ## - GRUPO ASOCIADO
- Associated group: Universidad Pablo Olavide de Sevilla. Facultad de Humanidades
400 1# - VEÁSE - NOMBRE DE PERSONA
- Personal name: Calzada, Katjia Torres
670 ## - FUENTE EN LA QUE SE LOCALIZARON DATOS
- Cita de la fuente: Mujer en Dar Al-Islam, 2007:
- Información localizada: portada (Katjia Torres Calzada)
670 ## - FUENTE EN LA QUE SE LOCALIZARON DATOS
- Cita de la fuente: Violencia de género y cooperación universitaria al desarrollo, 2017:
- Información localizada: solapa frontal (profesora asociada de la Facultad e Humanidades de la Universidad Pablo Olavide de Sevilla)
902 ## - CATALOGADOR
- Catalogador: VAGG/041022
